000 00499nam a2200205Ia 4500
008 140626s9999 xx 000 0 und d
100 _ade los Reyes, Ron.
245 2 _aA walking tour of Adelaide Center /
_cRon de los Reyes.
260 _cc2011.
300 _a13 : 7, page 54
440 _aCruising
521 _aTOU
650 _aAdelaide center.
650 _aArchitecture.
650 _aArt.
650 _aAustralia.
650 _aMuseums.
650 _aUniversity.
942 _cSE
999 _c121175
_d121175